Sociology of slavery : An analysis of the origins, development and structure of Negro slave society in Jamaica (Record no. 1364588)

MARC details
000 -LEADER
fixed length control field 00616nam a2200193Ia 4500
005 - DATE AND TIME OF LATEST TRANSACTION
control field 20250508160432.0
008 - FIXED-LENGTH DATA ELEMENTS--GENERAL INFORMATION
fixed length control field 008 250505s9999 xx 000 0 eng d
037 ## - SOURCE OF ACQUISITION
Stock number Textual
040 ## - CATALOGING SOURCE
Original cataloging agency FEDL
Language of cataloging eng
Transcribing agency FEDL
041 ## - LANGUAGE CODE
Language code of text/sound track or separate title eng
Source of code eng
084 ## - COLON CLASSIFICATION NUMBER
Classification number 301.441, PAT
Assigning agency FEDL
100 ## - MAIN ENTRY--PERSONAL NAME
Personal name Patterson Orlando
9 (RLIN) 282222
245 #0 - TITLE STATEMENT
Title Sociology of slavery : An analysis of the origins, development and structure of Negro slave society in Jamaica
260 ## - PUBLICATION, DISTRIBUTION, ETC.
Place of publication, distribution, etc. London, UK
Name of publisher, distributor, etc. Macgibbon and Kee Ltd.
Date of publication, distribution, etc. 1967
300 ## - PHYSICAL DESCRIPTION
Extent 310p.
650 ## - SUBJECT ADDED ENTRY--TOPICAL TERM
Topical term or geographic name entry element Sociology
942 ## - ADDED ENTRY ELEMENTS (KOHA)
Koha item type Textual
Classification part 301.441, PAT
Holdings
Withdrawn status Lost status Damaged status Not for loan Home library Current library Date acquired Total Checkouts Full call number Barcode Date last seen Price effective from Koha item type
        Department of Education Library Department of Education Library 2025-05-08   301.441, PAT EL0050909 2025-05-08 2025-05-08 Textual
Copyright @ Delhi University Library System